000 00394nam a2200157Ia 4500
005 20240807062226.0
008 240806s9999||||xx |||||||||||||| ||eng||
041 _aeng
082 _a322.10954
_bDUBB
100 _aDube Abhay Kumar
245 0 _aVeech bahas me ,sekularvad /
_cDube Abhay Kumar
260 _bVani Prakashan Delahi
300 _a501
650 _aGeneral Studies
942 _cBK
999 _c12349
_d12349